| 000 | 00909ngm a22002650a 4500 | ||
|---|---|---|---|
| 001 | PT33414 | ||
| 003 | AR-LpoUNG | ||
| 005 | 20210201232313.0 | ||
| 007 | co ||u|||uuuuu | ||
| 008 | 191001s[200||||ag |||||||||||||||||spa d | ||
| 040 |
_aAR-LpoUNG _bspa _cAR-LpoUNG _eaacr |
||
| 041 | _aspa | ||
| 044 | _aag | ||
| 082 | 0 | _a182 741v2-1 | |
| 100 | 1 | _aMondolfo, R. | |
| 245 | 1 | 0 |
_aFilosofía I 2009 : _bcorpus de lectura : cuadernillo 2 |
| 260 |
_aBuenos Aires : _bs.n., _c[2009]. |
||
| 505 | 0 | _aMaterial adaptado por la Biblioteca Digital y Sonora de la UByD, preparado con fines de estudio o recreación, para uso exclusivo y personal de usuarios no videntes, o con otras discapacidades perceptivas. | |
| 650 | 4 | _aFILOSOFIA | |
| 651 | 4 | _aDOCUMENTOS TEORICOS O METODOLOGICOS | |
| 653 | _aDISCAPACIDAD VISUAL | ||
| 710 | 2 | _aUniversidad Nacional de General Sarmiento | |
| 905 | _a33414 | ||
| 942 | _cCDDVD | ||
| 999 |
_c53302 _d53302 |
||